Les personnages d'une nounou d'enfer - Statistiques

Statistiques générales
  • Ce quiz a été pris 59 fois
  • Le résultat moyen est 7 sur 10
Statistiques - réponses
Par images Réponse % Correct
Fran
100%
Maxwell
85%
Marghareth / Maggie
76%
Yetta
72%
Niles
70%
Brighton
65%
CC Babcock
63%
Val
61%
Grace
57%
Sylvia
57%
Aucun quiz correspondant
Distribution des résultats
% des personnes avec chaque résultat
Percentile par nombre de réponses
Votre historique - résultats
Vous n’avez pas pris ce quiz